Equipping Educators to Teach Religious Literacy: Lessons from a Teacher Education Program in the American South
Cover -- Half Title -- Series Page -- Title Page -- Copyright Page -- Dedication -- Contents -- List of Figures -- List of Tables -- Series Editor Foreword -- About the Authors -- Acknowledgments -- 1. A Changing Context: The Challenges of Religious Diversity in Georgia -- 2. Theoretical Perspective...
| Main Author: | |
|---|---|
| Contributors: | |
| Format: | Electronic Book |
| Language: | English |
| Subito Delivery Service: | Order now. |
| Check availability: | HBZ Gateway |
| Interlibrary Loan: | Interlibrary Loan for the Fachinformationsdienste (Specialized Information Services in Germany) |
| Published: |
Milton
Taylor & Francis Group
2022
|
| In: | Year: 2022 |
| Series/Journal: | Routledge Research in Religion and Education Ser.
|
| Further subjects: | B
Religious Education
Study and teaching
B Religious Education Case studies (Georgia) B Religion-Study and teaching B Religious education-Study and teaching B Religion Study and teaching B Religion-Study and teaching-Georgia-Case studies B Electronic books B Religion Case studies Study and teaching (Georgia) B Religious education-Georgia-Case studies |
| Online Access: |
Volltext (lizenzpflichtig) |
| Parallel Edition: | Erscheint auch als: 9780367775216 |
MARC
| LEADER | 00000cam a22000002c 4500 | ||
|---|---|---|---|
| 001 | 1788577086 | ||
| 003 | DE-627 | ||
| 005 | 20251226200910.0 | ||
| 007 | cr uuu---uuuuu | ||
| 008 | 220204s2022 xx |||||o 00| ||eng c | ||
| 020 | |a 9781000554335 |9 978-1-000-55433-5 | ||
| 020 | |a 9781000554281 |c PDF ebook |9 978-1-000-55428-1 | ||
| 020 | |a 9781003171775 |c ebook |9 978-1-003-17177-5 | ||
| 035 | |a (DE-627)1788577086 | ||
| 035 | |a (DE-599)KEP072894172 | ||
| 035 | |a (Uk)020468552 | ||
| 035 | |a (EBC)EBC6869711 | ||
| 035 | |a (EBL)EBL6869711 | ||
| 035 | |a (DE-627-1)072894172 | ||
| 040 | |a DE-627 |b ger |c DE-627 |e rda | ||
| 041 | |a eng | ||
| 082 | 0 | |a 207.509758 |2 23 | |
| 084 | |a 0 |2 ssgn | ||
| 100 | 1 | |a Lester, Emile |e VerfasserIn |4 aut | |
| 109 | |a Lester, Emile | ||
| 245 | 1 | 0 | |a Equipping Educators to Teach Religious Literacy |b Lessons from a Teacher Education Program in the American South |
| 264 | 1 | |a Milton |b Taylor & Francis Group |c 2022 | |
| 264 | 4 | |c ©2022 | |
| 300 | |a 1 online resource (163 pages) | ||
| 336 | |a Text |b txt |2 rdacontent | ||
| 337 | |a Computermedien |b c |2 rdamedia | ||
| 338 | |a Online-Ressource |b cr |2 rdacarrier | ||
| 490 | 0 | |a Routledge Research in Religion and Education Ser. | |
| 500 | |a Description based on publisher supplied metadata and other sources | ||
| 520 | |a Cover -- Half Title -- Series Page -- Title Page -- Copyright Page -- Dedication -- Contents -- List of Figures -- List of Tables -- Series Editor Foreword -- About the Authors -- Acknowledgments -- 1. A Changing Context: The Challenges of Religious Diversity in Georgia -- 2. Theoretical Perspectives on Religious Literacy and Religious Liberty -- 3. The Georgia 3Rs Program -- 4. Conducting Qualitative Research in Urban, Rural, and Suburban Communities -- 5. Religion and the 3Rs: Navigating Conservative, Non-Religious, and Non-Christian Religions -- 6. Race and the 3Rs: Engaging with Majority-Minority Populations -- 7. Success in the Suburbs: Gwinnett, Fayette, and Cobb Counties -- 8. Can Rural Be a Fourth R? The 3Rs in Bleckley County -- 9. Alternate Forms of Education: Exploring Beyond Traditional Education Settings -- 10. Outcomes and Implications for the United States -- 11. International Implications -- Index. | ||
| 650 | 0 | |a Religion |x Study and teaching | |
| 650 | 0 | |a Religion |v Case studies |x Study and teaching |z Georgia | |
| 650 | 0 | |a Religious Education |x Study and teaching | |
| 650 | 0 | |a Religious Education |v Case studies |z Georgia | |
| 650 | 0 | |a Religion-Study and teaching | |
| 650 | 0 | |a Religion-Study and teaching-Georgia-Case studies | |
| 650 | 0 | |a Religious education-Study and teaching | |
| 650 | 0 | |a Religious education-Georgia-Case studies | |
| 650 | 4 | |a Electronic books | |
| 700 | 1 | |a Chan, W. Y. Alice |e MitwirkendeR |4 ctb | |
| 776 | 1 | |z 9780367775216 | |
| 776 | 0 | 8 | |i Erscheint auch als |n Druck-Ausgabe |z 9780367775216 |
| 856 | 4 | 0 | |u https://ebookcentral.proquest.com/lib/kxp/detail.action?docID=6869711 |m X:EBC |x Aggregator |z lizenzpflichtig |7 1 |
| 889 | |w (DE-627)1798168731 | ||
| 912 | |a ZDB-30-PQE | ||
| 935 | |a mteo | ||
| 951 | |a BO | ||
| ELC | |a 1 | ||
| LOK | |0 000 xxxxxcx a22 zn 4500 | ||
| LOK | |0 001 4113556296 | ||
| LOK | |0 003 DE-627 | ||
| LOK | |0 004 1788577086 | ||
| LOK | |0 005 20230118002241 | ||
| LOK | |0 008 220207||||||||||||||||ger||||||| | ||
| LOK | |0 040 |a DE-Tue135 |c DE-627 |d DE-Tue135 | ||
| LOK | |0 092 |o n | ||
| LOK | |0 852 |a DE-Tue135 | ||
| LOK | |0 852 1 |9 00 | ||
| LOK | |0 935 |a ixbt | ||
| LOK | |0 939 |a 07-02-22 |b l01 | ||
| ORI | |a SA-MARC-ixtheoa001.raw | ||
| REL | |a 1 | ||
| STA | 0 | 0 | |a Religion,Religions,Religion,Religion in literature |
| STB | 0 | 0 | |a Religion,Religions,Religion |
| STC | 0 | 0 | |a Religión,Religión,Religión |
| STD | 0 | 0 | |a Religione,Religione,Religione |
| STE | 0 | 0 | |a 宗教,宗教 |
| STF | 0 | 0 | |a 宗教,宗教 |
| STG | 0 | 0 | |a Religião,Religião |
| STH | 0 | 0 | |a Религия (мотив),Религия |
| STI | 0 | 0 | |a Θρησκεία (μοτίβο),Θρησκεία |
| SUB | |a REL | ||
| SYE | 0 | 0 | |a Religion,Mystik,Mythologie , Religion,Mystik,Mythologie |